00548cam a2200193ua 45000010005000000080039000050400009000440410012000530820012000651000025000772450025001022600036001273000009001636530026001727000024001989420007002229990015002299520110002448663110701n II |||gr||||Z||||||eng aMAIN aEnglish a351 AVA aAVASTHI, AMRESHAWAL. aPUBLIC ADMINSTRATION aALLAHABAD:bKITA MAHAL,c1996. a256. aPublic administration aMAHESWARI, SHRIRAM. cBK c8639d8639 011040708TBPSCaMAINbMAINcWIDd1998-06-23o351 AVAp15821r2020-02-27 00:00:00t1w2020-02-27yBKzV